000 00772nam a2200265Ia 4500
003 OSt
005 20220926012338.0
006 a|||||r|||| 00| 0
007 ta
008 220923b |||||||| |||| 00| 0 eng d
020 _a0195666151
037 _cGeneral Book
040 _aRTL
_cRTL
_beng
041 _2eng
_aeng
082 _aX:75:(B).2.N9, P4
100 _aPandit V
_9258700
245 0 _aEconomic policy modelling for India
260 _aNew York
_bCambridge University Press USA
_c2004
300 _axiv,265p
_ccm.
500 _aBibliography chapterwise
650 _aEconomic Planning
_9237517
700 _a Krishnamurty K
_9240226
942 _hX:75:(B).2.N9, P4
_cGB
_2CC
999 _c622605
_d622605